| 000 | 00380 a2200109 4500 | ||
|---|---|---|---|
| 001 | ART_43479 | ||
| 005 | 20260410162024.0 | ||
| 008 | 260409a | ||
| 245 | 1 | 0 | _aCan the Mortensen-Pissarides model with productivity changes explain U.S. wage inequality? |
| 100 | 1 | _aWong, Linda Y. | |
| 773 | 0 |
_tJournal of labor economics _g- Vol. 21, NÂș 1 (ene. 2003) _wREV43438 |
|
| 999 |
_c33399 _d33399 |
||